| 000 | 00607cab a22001935a 4500 | ||
|---|---|---|---|
| 001 | L148228 | ||
| 008 | 090820e2009 xxk 000 0 eng d | ||
| 035 | _a(Sirsi) u148228 | ||
| 041 | 0 | _aeng | |
| 100 | 1 | _aDever, Elizabeth | |
| 245 | 0 | 4 | _aThe refurbishment of small-scale retail premises in relation to the disability discrimination act 1995 |
| 260 | _c2009 | ||
| 650 | 2 | 4 | _aDISABILITY DISCRIMINATION ACT 1995 |
| 650 | 2 | 4 | _aCHRONICALLY SICK AND DISABLED PERSONS ACT 1970 |
| 650 | 2 | 4 | _aDISABILITY RIGHTS COMMISSION ACT 1999 |
| 700 | 1 | _aSertysesilisik, Begum | |
| 700 | 1 | _aRostron, Jack | |
| 942 | _n0 | ||
| 999 |
_c81758 _d81758 |
||